000 01238cam a2200313 i 4500
001 4115
003 BD-RjUL
005 20211208233833.0
008 131221r1978 ne a b 001 0 eng
020 _a072040519X
035 _a(BD-RjUL)4149
040 _aDLC
_cDLC
_dDLC
_dBD-RjUL
_beng
041 _aeng
082 0 0 _a332.4973
_bHEN 1978
100 1 _aHerring, Richard.
_913068
245 1 0 _aNational monetary policies and international financial markets /
_cRichard J. Herring and Richard C. Marston.
260 _aAmsterdam ;
_aNew York :
_bNorth-Holland Pub. Co. ;
_aNew York :
_bsole distributors for the U.S.A. and Canada, Elsevier/North Holland,
_cc1977 [Reprint 1978].
300 _axv, 302 p. :
_bill. ;
_c23 cm.
504 _aIncludes bibliographies and index.
650 0 _aInternational finance
_xMathematical models.
_913069
650 0 _aMonetary policy
_xMathematical models.
_913070
650 0 _aFinance
_zGermany (West)
_xMathematical models.
_913071
650 0 _aMonetary policy
_zUnited States
_xMathematical models.
_913072
700 1 _aMarston, Richard C.,
_ejoint author.
_913073
942 _2ddc
_cBK
999 _c4115
_d4115